000 00611nam a2200193 a 4500
001 000032840
005 20200930065850.0
008 110727s1930 dr 000 0 spa d
040 _aDO-SdBNP
_bspa
_cBNPHU
082 _a325.2
_bH594e
100 1 _aHeureaux, Casimira
_958633
245 1 0 _aEsbozos /
_cCasimira Heureaux.
260 _aSan Pedro de Macoris, República Dominicana :
_bImprenta Cervantes,
_c[1930?].
300 _a[12 p.] ;
_c20 cm.
590 _aInventariado, 2018/VM
651 4 _aEmigración E Inmigración
_949891
651 4 _aMigración
_958634
910 _aValidado. Control de calidad MFF
999 _c32331
_d32331